NLSUI OPAC header image

Women in peace politics (Record no. 32802)

MARC details
000 -LEADER
fixed length control field 01954nam a2200217Ia 4500
003 - CONTROL NUMBER IDENTIFIER
control field OSt
005 - DATE AND TIME OF LATEST TRANSACTION
control field 20210605105711.0
008 - FIXED-LENGTH DATA ELEMENTS--GENERAL INFORMATION
fixed length control field 160316s2008 xxu||||| |||| 00| 0 eng d
020 ## - INTERNATIONAL STANDARD BOOK NUMBER
International Standard Book Number 9780761935704
040 ## - CATALOGING SOURCE
Transcribing agency N
082 ## - DEWEY DECIMAL CLASSIFICATION NUMBER
Classification number 303.600000
Item number BAN
100 ## - MAIN ENTRY--PERSONAL NAME
Personal name Banerjee Paula
245 ## - TITLE STATEMENT
Title Women in peace politics
260 ## - PUBLICATION, DISTRIBUTION, ETC.
Place of publication, distribution, etc. New Delhi
Name of publisher, distributor, etc. Sage Publications
Date of publication, distribution, etc. 2008
300 ## - PHYSICAL DESCRIPTION
Extent 323p
Dimensions xi
365 ## - TRADE PRICE
Price amount Rs. 495
505 ## - FORMATTED CONTENTS NOTE
Formatted contents note Table of contents<br/>Series Note;<br/>Preface;<br/>I. IDEAS & IDEOLOGIES: Introduction - Samir Kumar Das ;<br/>Shefali - Ranabir Samaddar;<br/>Security, Gender and Conflict Prevention: Perceptions from South Asia - Sumona Dasgupta ;<br/>Ethnicity and Democracy Meet When Mothers Protest - Samir Kumar Das ;<br/>Afterword - Stree Shakti Sanghatana ;<br/>Islam, Feminism and the Women's Movement in Pakistan: 1981-1991 - Fauzia Gardezi ;<br/>Women, Nationalism and War: "Make Love Not War" - Rada Ivecovic ;<br/>II. MOVEMENTS: Introduction - Kalpana Kannabiran ;<br/>Women in Sri Lankan Peace Politics - Saro Thiruppathy and Nirekha De Silva ;<br/>Motherhood as a Space of Protest: Women's Political Participation in Contemporary Sri Lanka - Malathi De Alwis <br/>Negotiating Peace: Feminist Reflections - Kalpana Kannabiran, Volga and Vasantha Kannabiran ;<br/>The Space Between: Women's Negotiations with Democracy - Paula Banerjee;<br/>Minorities, Women and Peace: A South Asian Perspective - Meghna Guhathakurta ;<br/>III. VOICES: Introduction - Anuradha Bhasin Jamwal ;<br/>Shed No More Blood: Mothers for Peace;<br/>WAF to Continue Protest Against Discriminatory Laws;<br/>The Way of the World - Josiane Racine and Jean Luc Racine ;<br/>Chadur Aur Diwari - Fehmida Riyaz ;<br/>Drawing Lines, Erasing Lines: Feminism as a Resource in Opposing Xenophobia and Separatism - Cynthia Cockburn ;<br/>In Conversation with Dr Hanan Ashrawi - Aditi Bhaduri ;<br/>Further Readings on Themes in Peace Studies;<br/>Index
650 ## - SUBJECT ADDED ENTRY--TOPICAL TERM
Topical term or geographic name entry element 1. Women & Peace - South Asia
700 ## - ADDED ENTRY--PERSONAL NAME
Personal name
--
942 ## - ADDED ENTRY ELEMENTS (KOHA)
Source of classification or shelving scheme Dewey Decimal Classification
Koha item type BOOKs
Holdings
Withdrawn status Lost status Damaged status Not for loan Home library Current library Shelving location Date acquired Cost, normal purchase price Total Checkouts Full call number Barcode Date last seen Price effective from Koha item type
        . .   30.05.2017 495.00   303.6 BAN 29715 30.05.2017 30.05.2017 BOOKs